A practical guide to effective human resources management (Record no. 128421)

MARC details
000 -LEADER
fixed length control field 00754nam a2200253 i 4500
001 - CONTROL NUMBER
control field C2-0329165
003 - CONTROL NUMBER IDENTIFIER
control field PPAK
005 - DATE AND TIME OF LATEST TRANSACTION
control field 20180728130309.0
008 - FIXED-LENGTH DATA ELEMENTS--GENERAL INFORMATION
fixed length control field 141201s2007 my |||| ||||| | eng d
020 ## - INTERNATIONAL STANDARD BOOK NUMBER
International Standard Book Number 9789833794119
040 ## - CATALOGING SOURCE
Original cataloging agency PPAK
Language of cataloging eng
Transcribing agency PPAK
Description conventions rda
082 04 - DEWEY DECIMAL CLASSIFICATION NUMBER
Classification number 658.3
Edition number 23
090 00 - LOCALLY ASSIGNED LC-TYPE CALL NUMBER (OCLC); LOCAL CALL NUMBER (RLIN)
Classification number (OCLC) (R) ; Classification number, CALL (RLIN) (NR) 658.3
Feature heading IBR
Feature heading G
100 0# - MAIN ENTRY--PERSONAL NAME
Personal name Ibrahim Ariff,
Relator term author
245 12 - TITLE STATEMENT
Title A practical guide to effective human resources management
264 #1 - PRODUCTION, PUBLICATION, DISTRIBUTION, MANUFACTURE, AND COPYRIGHT NOTICE
Place of production, publication, distribution, manufacture Petaling Jaya, Selangor :
Name of producer, publisher, distributor, manufacturer Leeds Publications ,
Date of production, publication, distribution, manufacture, or copyright notice 2007
300 ## - PHYSICAL DESCRIPTION
Extent viii, 252 pages ;
Dimensions 19 cm
336 ## - CONTENT TYPE
Source rdacontent
Content type term text
337 ## - MEDIA TYPE
Source rdamedia
Media type term unmediated
338 ## - CARRIER TYPE
Source rdacarrier
Carrier type term volume
500 ## - GENERAL NOTE
General note Includes indexes
650 10 - SUBJECT ADDED ENTRY--TOPICAL TERM
Topical term or geographic name entry element Personnel management - Handbooks, manuals, etc.
942 ## - ADDED ENTRY ELEMENTS (KOHA)
-- dc
Koha item type Book
Holdings
Withdrawn Not for loan Current library Shelving location Date acquired Total Checkouts Full call number Barcode Date last seen Koha item type Date last checked out Checked out
    Perpustakaan Alor Setar Pinjaman Dewasa 16/03/2017 2 658.3 IBR A01514819 28/10/2020 Book 19/10/2020  
    Perpustakaan Awam Sungai Petani Pinjaman Dewasa 16/03/2017 21 658.3 IBR A01514820 29/03/2026 Book 29/03/2026 19/04/2026
    PD38, KEDA Tanjung Setol, Pendang Pinjaman Dewasa 24/12/2014   658.3 IBR A00872204 09/05/2018 Book    
    T-PD26, Kg. Lubuk Batu, Jitra Pinjaman Dewasa 23/02/2016   658.3 IBR A00877241 09/05/2018 Book